000 003430000a22001450004500
003 MACL
005 20160205164602.0
008 160205b xxu||||| |||| 00| 0 eng d
040 _aMACL
_cMACL
041 _aSanskrit
082 _a100
245 _aगुरू को शक्ति
650 _aPhilosophy
_936990
942 _cSAN
_k100
_2ddc
999 _c27255
_d27255